Tessuti di lana e di cotome (Record no. 72552)

MARC details
000 -LEADER
campo de control de longitud fija 00553nam a2200193 i 4500
001 - NÚMERO DE CONTROL
campo de control 72552
003 - IDENTIFICADOR DE NÚMERO DE CONTROL
campo de control ES-MaACL
005 - FECHA Y HORA DE LA ÚLTIMA TRANSACCIÓN
campo de control 20230906171454.0
007 - CAMPO FIJO DE DESCRIPCIÓN FÍSICA--INFORMACIÓN GENERAL
campo de control de longitud fija t|
008 - DATOS DE LONGITUD FIJA--INFORMACIÓN GENERAL
campo de control de longitud fija 040901s1925 it ||||1| ita d
100 1# - ENTRADA PRINCIPAL--NOMBRE DE PERSONA
Nombre de persona Giudici, Oscarre.
9 (RLIN) 57356
245 10 - MENCIÓN DEL TÍTULO
Título Tessuti di lana e di cotome
Resto del título : analisi e fabricazione /
Mención de responsabilidad, etc. Oscarre Giudici.
260 ## - PUBLICACIÓN, DISTRIBUCIÓN, ETC.
Lugar de publicación, distribución, etc. Milano :
Nombre del editor, distribuidor, etc. [s.n.,
Fecha de publicación, distribución, etc. 1925] (
Fabricante U. Allegretti)
300 ## - DESCRIPCIÓN FÍSICA
Extensión VIII, 708 p. ;
Dimensiones 16 cm.
490 1# - MENCIÓN DE SERIE
Mención de serie Manuali Hoepli
830 0# - PUNTO DE ACCESO ADICIONAL DE SERIE-TÍTULO UNIFORME
Título uniforme Manuali Hoepli
9 (RLIN) 180782
852 ## - LOCALIZACIÓN
Ubicación ES-MaACL
Número de control de estantería F-4341
Holdings
Estatus retirado Estado de pérdida Estado de daño No para préstamo Biblioteca de origen Biblioteca actual Ubicación en estantería Fecha de adquisición Fuente de adquisición Total de préstamos Signatura topográfica completa Código de barras Visto por última vez Precio de reemplazo Tipo de ítem Koha
        Biblioteca del Ateneo de Madrid Biblioteca del Ateneo de Madrid Depósito 2 17/01/2008     F-4341 1075953 23/02/2023 23/02/2023 Libro impreso